LEADER 01710nam a2200337 a 4500 001 000000120811 003 CaOOAMICUS 005 20100319103900.0 008 100319t2009 be ch u000 u fre r 020 $a978-2-503-52995-0 040 $aPUL$bita$dReb 041 0 $afre$aara 245 00$aPensée grecque et sagesse d'Orient :$bhommage à Michel Tardieu /$csous la direction de Mohammad Ali Amir-Moezzi, Jean-Daniel Dubois, Christelle Jullien et Florence Jullien. 260 $aTurnhout :$bBrepols,$c©2009. 300 $a747 p. :$b1 ritr., facs. ;$c24 cm 490 1 $aBibliothèque de l'Ecole des hautes études.$aSciences religieuses ;$v142 504 $aInclude riferimenti bibliografici ed indice. 650 4$aReligioni orientali.$0(OLS)http://pul/subject/3496 651 4$aOriente$xAntichità$xReligione.$0(OLS)http://pul/subject/36590 700 1 $aJullien, Florence.$0(OLS)http://pul/name/52964 700 1 $aDubois, Jean-Daniel.$0(OLS)http://pul/name/6696 700 1 $aTardieu, Michel.$0(OLS)http://pul/name/6695 700 1 $aAmir-Moezzi, Mohammad Ali.$0(OLS)http://pul/name/43144 700 1 $aJullien, Christelle.$0(OLS)http://pul/name/52963 830 0$aBibliothèque de l'Ecole des hautes études.$pSciences religieuses ;$v142.$0(OLS)http://pul/title/13429 850 $aPUL 852 $aPUL$W1$xSL Religione 1$y3$m52 I 142$j138480$qStampati$B137703$CPULBib$Z2$F137703 $H113037 $82 941 1 $a8 996 $6020$a978-2-503-52995-0$9(OLS)http://pul/number/143629 996 $6245$aPensée grecque et sagesse d'Orient :$bhommage à Michel Tardieu$9(OLS)http://pul/title/151934 996 $6260$aTurnhout :$bBrepols$9(OLS)http://pul/publisher/47850 LEADER 01136nam a2200289 a 4500 001 000000125268 003 CaOOAMICUS 005 20110511140948.0 008 110511s2010 it u000 u ita r 020 $a978-88-348-1535-9 040 $aPUL$bita 082 04$a341.481 100 1 $aMorviducci, Claudia.$0(OLS)http://pul/name/36806 245 12$aI diritti dei cittadini europei /$cClaudia Morviducci. 260 $aTorino :$bG. Giappichelli,$c©2010. 300 $aXIV, 271 p. ;$c24 cm 500 $aInclude indice. 504 $aBibliografia p. [259]-265. 610 14$aUnione Europea$xCittadinanza.$0(OLS)http://pul/subject/37641 850 $aPUL 852 $aPUL$W1$xSL Diritto e Scienze Sociali 3$y79$m341. 481 MORCL 1$j144264$qDDC 21$B143293$CPULBib$Z2$F143293 $H116261 $82 941 1 $a9 996 $6020$a978-88-348-1535-9$9(OLS)http://pul/number/147123 996 $6082$a341.481$9(OLS)http://pul/classification/2000 996 $6245$aI diritti dei cittadini europei$9(OLS)http://pul/title/157937 996 $6260$aTorino :$bG. Giappichelli$9(OLS)http://pul/publisher/49130